000 00464cam a2200181ua 4500
020 _c1.50
041 _amal
_h
082 _a894.812301
_bBHA/PR
100 _aBhasi, Thoppil.
245 _aPremavum thyagavum /
_cThoppil Bhasi.
_hTextual Documents
250 _a1 /
_b.
260 _aKottayam :
_bPrabhatham printing and publishing co. pvt. ltd. ,
_c1960.
300 _a103 ; .
365 _a1.50
504 _a
942 _cBK
999 _c12595
_d12595